[Event "GER-ch U25-B"]
[Site "Willingen"]
[Date "2019.06.14"]
[Round "8"]
[White "Ortlepp, Klaudia"]
[Black "Petrosyan, Tigran2222"]
[Result "1-0"]
[WhiteElo "1570"]
[BlackElo "1603"]
[PlyCount "87"]
[EventDate "2019.06.08"]
[EventType "swiss"]
[EventRounds "9"]
[EventCountry "GER"]
[SourceTitle "CBM 191 Extra"]
[Source "ChessBase"]
[SourceDate "2019.09.30"]
[SourceVersion "1"]
[SourceVersionDate "2019.09.30"]
[SourceQuality "1"]

1. e4 c6 2. d4 d5 3. Nc3 dxe4 4. Nxe4 Nf6 5. Ng3 e6 6. Nf3 Be7 7. Bd3 0-0 8. 0-0 b6 9. Qe2 Bb7 10. c3 c5 11. Be3 Nd5 12. Rad1 Nc6 13. Bb1 Qc7 14. Qc2 f5 15. Rfe1 Nxe3 16. Rxe3 Rf6 17. Rde1 cxd4 18. cxd4 Bb4 19. R1e2 Ba6 20. Rxe6 Bxe2 21. Rxf6 gxf6 22. Nxe2 Qd7 23. Qc4+ Kg7 24. d5 Rd8 25. Nf4 Kf8 26. Ne6+ Qxe6 27. dxe6 Rd1+ 28. Qf1 Rxf1+ 29. Kxf1 Ne7 30. Nd4 Bd6 31. Ke2 Be5 32. Kd3 Bxh2 33. g3 f4 34. Ne2 fxg3 35. Nxg3 Bxg3 36. fxg3 Nf5 37. g4 Nh6 38. Kd4 Nxg4 39. Bxh7 Ke7 40. Bf5 Nh6 41. Ke4 Kd6 42. Bh3 a6 43. a4 a5 44. b3 1-0

[Event "GER-ch U25-B"]
[Site "Willingen"]
[Date "2019.06.12"]
[Round "6"]
[White "Ortlepp, Klaudia"]
[Black "Bartelt, Max Peter"]
[Result "1-0"]
[WhiteElo "1570"]
[BlackElo "1789"]
[PlyCount "67"]
[EventDate "2019.06.08"]
[EventType "swiss"]
[EventRounds "9"]
[EventCountry "GER"]
[SourceTitle "CBM 191 Extra"]
[Source "ChessBase"]
[SourceDate "2019.09.30"]
[SourceVersion "1"]
[SourceVersionDate "2019.09.30"]
[SourceQuality "1"]

1. e4 e6 2. d4 d5 3. c4 dxe4 4. Nc3 f5 5. f3 Bd6 6. Qe2 Nc6 7. Qf2 Nxd4 8. Be3 Bc5 9. 0-0-0 e5 10. fxe4 Nf6 11. Kb1 0-0 12. Nge2 Ng4 13. Qg1 Nxe2 14. Bxe2 Bxe3 15. Rxd8 Bxg1 16. Rxf8+ Kxf8 17. Bxg4 fxg4 18. Rxg1 c6 19. Na4 Ke7 20. Rf1 Be6 21. b3 Rd8 22. Kc2 h5 23. Nc5 b6 24. Nd3 Rd4 25. Nxe5 Rxe4 26. Ng6+ Kd6 27. Kd3 Bxc4+ 28. bxc4 Re6 29. Nh4 g5 30. Nf5+ Kc5 31. Ng7 Rd6+ 32. Kc3 b5 33. Rf5+ Kb6 34. c5+ 1-0

[Event "GER-ch U25-B"]
[Site "Willingen"]
[Date "2019.06.09"]
[Round "1"]
[White "Panjer, Sidney"]
[Black "Ortlepp, Klaudia"]
[Result "0-1"]
[WhiteElo "1490"]
[BlackElo "1570"]
[PlyCount "102"]
[EventDate "2019.06.08"]
[EventType "swiss"]
[EventRounds "9"]
[EventCountry "GER"]
[SourceTitle "CBM 191 Extra"]
[Source "ChessBase"]
[SourceDate "2019.09.30"]
[SourceVersion "1"]
[SourceVersionDate "2019.09.30"]
[SourceQuality "1"]

1. e4 e5 2. Nf3 Nc6 3. Bc4 Nf6 4. d3 Bc5 5. c3 0-0 6. a4 a5 7. Bg5 d6 8. 0-0 Bg4 9. Nbd2 h6 10. Be3 Nd7 11. Qc2 Kh8 12. d4 exd4 13. Nxd4 Nce5 14. Nf5 Qe8 15. Bxc5 Nxc5 16. Ng3 Qd7 17. Rfe1 Rae8 18. Be2 Ng6 19. b4 Bxe2 20. Rxe2 Ne6 21. Nb3 axb4 22. cxb4 Ra8 23. a5 Ne5 24. Qc3 Qb5 25. Rb2 Nd3 26. Rbb1 Ne5 27. Nf5 Ra6 28. Nbd4 Qc4 29. Qxc4 Nxc4 30. Rc1 Nd2 31. Rd1 Nxe4 32. Ng3 Nc3 33. Nxe6 fxe6 34. Rdc1 Nb5 35. Re1 Nd4 36. Rac1 Rf7 37. Rc4 e5 38. Rec1 Rc6 39. Rxc6 Nxc6 40. Rb1 Rf4 41. Kf1 Rxb4 42. Ra1 Kg8 43. Ke2 Kf7 44. Kd3 Ke6 45. Ra3 g6 46. h3 d5 47. f3 Rd4+ 48. Ke3 Nb4 49. Rc3 Kd6 50. Ne2 Rd1 51. Kf2 c5 0-1

[Event "GER-chT U16"]
[Site "Aurich"]
[Date "2018.12.29"]
[Round "6.3"]
[White "Ganjali, Aska"]
[Black "Ortlepp, Klaudia"]
[Result "1/2-1/2"]
[WhiteElo "1290"]
[BlackElo "1520"]
[PlyCount "140"]
[EventDate "2018.12.27"]
[EventType "team-swiss"]
[EventRounds "7"]
[EventCountry "GER"]
[SourceTitle "CBM 188 Extra"]
[Source "ChessBase"]
[SourceDate "2019.02.26"]
[SourceVersion "1"]
[SourceVersionDate "2019.02.26"]
[SourceQuality "1"]
[WhiteTeam "Gernsbach"]
[BlackTeam "Leipzig Turm"]
[WhiteTeamCountry "GER"]
[BlackTeamCountry "GER"]

1. e4 e5 2. Nf3 Nc6 3. d4 exd4 4. Bc4 Nf6 5. e5 d5 6. Bb5 Ne4 7. Nxd4 Bd7 8. Bxc6 bxc6 9. Be3 c5 10. Nf3 d4 11. Nbd2 Bc6 12. Nxe4 Bxe4 13. Bf4 Qd5 14. Qe2 Rb8 15. b3 Be7 16. Rd1 0-0 17. c4 Qc6 18. 0-0 Rbd8 19. Rfe1 Bf5 20. Bg3 Rfe8 21. Qd2 Bg4 22. Qf4 Qe6 23. Rd2 Qf5 24. Qxf5 Bxf5 25. Bh4 Bg4 26. Bxe7 Rxe7 27. Rd3 Rde8 28. Nxd4 cxd4 29. Rxd4 Bc8 30. f4 Rd7 31. Rxd7 Bxd7 32. Rd1 Bc6 33. b4 a6 34. Kf2 Kf8 35. g3 f6 36. Re1 Bd7 37. Kf3 h5 38. Ke4 fxe5 39. fxe5 Be6 40. Rc1 Rd8 41. Rc2 c6 42. a3 Ke7 43. h4 g6 44. Rc3 Bf5+ 45. Kf4 Rd4+ 46. Kf3 Ke6 47. c5 Bg4+ 48. Kf2 Kxe5 49. Re3+ Re4 50. Rd3 Rd4 51. Re3+ Kf6 52. Ke1 Bf5 53. Kf2 Rd3 54. Rxd3 Bxd3 55. Ke3 Bb1 56. Kf4 Bf5 57. Ke3 g5 58. Kf3 gxh4 59. gxh4 Ke5 60. Ke3 Bc2 61. Kd2 Kf4 62. Kxc2 Kg4 63. Kd2 Kxh4 64. Ke2 Kg4 65. Kf2 h4 66. Kg2 h3+ 67. Kh2 Kf4 68. Kxh3 Ke4 69. Kg4 Kd4 70. Kf4 Kd5 1/2-1/2

[Event "GER-chT U16"]
[Site "Aurich"]
[Date "2018.12.28"]
[Round "3.3"]
[White "Ortlepp, Klaudia"]
[Black "Sewald, Richard"]
[Result "0-1"]
[WhiteElo "1520"]
[BlackElo "1687"]
[PlyCount "114"]
[EventDate "2018.12.27"]
[EventType "team-swiss"]
[EventRounds "7"]
[EventCountry "GER"]
[SourceTitle "CBM 188 Extra"]
[Source "ChessBase"]
[SourceDate "2019.02.26"]
[SourceVersion "1"]
[SourceVersionDate "2019.02.26"]
[SourceQuality "1"]
[WhiteTeam "Leipzig Turm"]
[BlackTeam "Porz SG"]
[WhiteTeamCountry "GER"]
[BlackTeamCountry "GER"]

1. e4 c5 2. Nc3 a6 3. a4 Nc6 4. f4 e6 5. Bc4 d6 6. Nf3 Nf6 7. d3 Be7 8. 0-0 0-0 9. Qe1 d5 10. Bb3 dxe4 11. dxe4 e5 12. fxe5 Nxe5 13. Nxe5 Qd4+ 14. Be3 Qxe5 15. Bf4 Qd4+ 16. Be3 Qe5 17. Bf4 Qd4+ 18. Be3 Qd8 19. Rd1 Qc7 20. Bf4 Qb6 21. a5 Qc6 22. Nd5 Nxd5 23. exd5 Qd7 24. c4 Bd6 25. Qg3 Rd8 26. Rde1 Bxf4 27. Qxf4 Rf8 28. Re6 Qd8 29. Rb6 Qe7 30. Bd1 g6 31. Kf2 Bf5 32. Re1 Qd7 33. Qd6 Qxd6 34. Rxd6 Rad8 35. Rb6 Rd7 36. g4 Bd3 37. Ba4 Rdd8 38. b3 f5 39. Ke3 Be4 40. Rxb7 Bxd5 41. cxd5 Rxd5 42. Bc6 Re5+ 43. Kd2 Rd8+ 44. Rd7 Rxd7+ 45. Bxd7 Rd5+ 46. Ke3 Rxd7 47. gxf5 Re7+ 48. Kf2 Rxe1 49. Kxe1 gxf5 50. Ke2 Kf7 51. Ke3 Ke6 52. Kf4 Kf6 53. h3 h6 54. Kf3 Ke5 55. Ke3 f4+ 56. Kf3 Kd4 57. Kxf4 Kc3 0-1

[Event "GER-chT U16"]
[Site "Aurich"]
[Date "2018.12.27"]
[Round "1.3"]
[White "Ortlepp, Klaudia"]
[Black "Khachatryan, Taron"]
[Result "1/2-1/2"]
[WhiteElo "1520"]
[BlackElo "1761"]
[PlyCount "62"]
[EventDate "2018.12.27"]
[EventType "team-swiss"]
[EventRounds "7"]
[EventCountry "GER"]
[SourceTitle "CBM 188 Extra"]
[Source "ChessBase"]
[SourceDate "2019.02.26"]
[SourceVersion "1"]
[SourceVersionDate "2019.02.26"]
[SourceQuality "1"]
[WhiteTeam "Leipzig Turm"]
[BlackTeam "Harksheide"]
[WhiteTeamCountry "GER"]
[BlackTeamCountry "GER"]

1. e4 c5 2. Nc3 Nc6 3. f4 g6 4. Bc4 Bg7 5. Nf3 a6 6. a4 d6 7. 0-0 e6 8. f5 exf5 9. d3 Nge7 10. Ng5 Ne5 11. Ba2 0-0 12. Ne2 h6 13. Nf3 Be6 14. Nxe5 dxe5 15. Be3 Qc7 16. Nc3 Rfd8 17. Qe2 f4 18. Bf2 Bxa2 19. Rxa2 b6 20. g3 g5 21. h4 gxh4 22. gxf4 Ng6 23. Nd5 Nxf4 24. Nxc7 Nxe2+ 25. Kh2 Ra7 26. Bxh4 Rd6 27. Nd5 Nf4 28. Ne7+ Kh7 29. Nc8 Rad7 30. Nxd6 Rxd6 31. Raa1 Rg6 1/2-1/2

[Event "GER-ch U14 Girls"]
[Site "Willingen"]
[Date "2018.05.26"]
[Round "9"]
[White "Ortlepp, Klaudia"]
[Black "Zixin, Li"]
[Result "1-0"]
[WhiteElo "1721"]
[BlackElo "987"]
[PlyCount "53"]
[EventDate "2018.05.19"]
[EventType "swiss"]
[EventRounds "9"]
[EventCountry "GER"]
[SourceTitle "CBM 184 Extra"]
[Source "ChessBase"]
[SourceDate "2018.06.28"]
[SourceVersion "1"]
[SourceVersionDate "2018.06.28"]
[SourceQuality "1"]

1. e4 d5 2. exd5 Nf6 3. Nc3 Nxd5 4. Bc4 c6 5. Qf3 Be6 6. Nge2 f6 7. Nd4 Bf7 8. 0-0 e6 9. Re1 e5 10. d3 Bb4 11. Bd2 0-0 12. Nf5 Nxc3 13. Qg4 g6 14. Bxf7+ Kxf7 15. Nh6+ Kg7 16. Qxb4 Nb5 17. Ng4 g5 18. h4 h6 19. h5 Na6 20. Qe4 Qe8 21. Ne3 Qxh5 22. Nf5+ Kf7 23. Qc4+ Kg6 24. g4 Qh3 25. Re3 Nd4 26. Rxh3 b5 27. Rxh6# 1-0

[Event "GER-ch U14 Girls"]
[Site "Willingen"]
[Date "2017.06.04"]
[Round "1"]
[White "Ortlepp, Klaudia"]
[Black "Schwegler, Jelena"]
[Result "1-0"]
[WhiteElo "1593"]
[BlackElo "1284"]
[PlyCount "69"]
[EventDate "2017.06.04"]
[EventType "swiss"]
[EventRounds "9"]
[EventCountry "GER"]
[SourceTitle "CBM 178 Extra"]
[Source "ChessBase"]
[SourceDate "2017.06.22"]
[SourceVersion "1"]
[SourceVersionDate "2017.06.22"]
[SourceQuality "1"]

1. e4 e5 2. f4 exf4 3. Nf3 Ne7 4. d4 d5 5. Nc3 dxe4 6. Nxe4 Nd5 7. Bd3 Nc6 8. 0-0 Be6 9. c4 Ndb4 10. d5 Nxd3 11. Qxd3 Nb4 12. Qe2 Nxd5 13. cxd5 Qxd5 14. Rd1 Qh5 15. Bxf4 Bc5+ 16. Kh1 Bb6 17. Qc2 Bf5 18. Qa4+ Ke7 19. Neg5 h6 20. Qb4+ c5 21. Bd6+ Ke8 22. Re1+ Kd7 23. Qb5+ Kxd6 24. Rad1+ Kc7 25. Re7+ Kb8 26. Nxf7 Rf8 27. b4 Bc8 28. N3e5 Qf5 29. bxc5 Qc2 30. Rb1 Bf5 31. Nd7+ Bxd7 32. Rxd7 Qxc5 33. Qxc5 Bxc5 34. Rbxb7+ Kc8 35. Rdc7# 1-0

[Event "Leipzig VfB op 24th"]
[Site "Leipzig"]
[Date "2017.03.25"]
[Round "7"]
[White "Naumann, Peter"]
[Black "Ortlepp, Klaudia"]
[Result "1-0"]
[WhiteElo "1812"]
[BlackElo "1554"]
[PlyCount "85"]
[EventDate "2017.03.21"]
[EventType "swiss"]
[EventRounds "9"]
[EventCountry "GER"]
[SourceTitle "EXT 2018"]
[Source "ChessBase"]
[SourceDate "2017.10.13"]
[SourceVersion "1"]
[SourceVersionDate "2017.10.13"]
[SourceQuality "1"]

1. d4 e5 2. dxe5 Nc6 3. Nf3 d6 4. exd6 Bxd6 5. Nc3 Bf5 6. e4 Qe7 7. Bd3 Bg4 8. 0-0 Ne5 9. Be2 h5 10. Nd5 Nxf3+ 11. gxf3 Qh4 12. Bf4 Bxf4 13. Nxf4 Rd8 14. Qc1 Nf6 15. Rd1 Bd7 16. Ng2 Qh3 17. e5 Nh7 18. Nf4 Qh4 19. Qe3 Ng5 20. Rd4 c5 21. Rd6 0-0 22. Rad1 Ne6 23. Ng2 Qe7 24. c3 Ba4 25. b3 Bc6 26. f4 Rxd6 27. exd6 Qf6 28. Bf3 Rd8 29. Bxc6 bxc6 30. Qe5 Qxe5 31. fxe5 Ng5 32. f4 Ne6 33. Kf2 Kf8 34. Ke3 g6 35. h4 Kg7 36. Rd2 a6 37. Ne1 a5 38. Nf3 f6 39. exf6+ Kxf6 40. Ne5 Nf8 41. Nxc6 Rd7 42. Nxa5 Ke6 43. Nc4 1-0

[Event "Leipzig VfB op 24th"]
[Site "Leipzig"]
[Date "2017.03.25"]
[Round "8"]
[White "Ortlepp, Klaudia"]
[Black "Herfurth, Thomas"]
[Result "0-1"]
[WhiteElo "1554"]
[BlackElo "1850"]
[PlyCount "120"]
[EventDate "2017.03.21"]
[EventType "swiss"]
[EventRounds "9"]
[EventCountry "GER"]
[SourceTitle "EXT 2018"]
[Source "ChessBase"]
[SourceDate "2017.10.13"]
[SourceVersion "1"]
[SourceVersionDate "2017.10.13"]
[SourceQuality "1"]

1. e4 e6 2. d4 d5 3. c4 dxe4 4. f3 Nf6 5. Nc3 c5 6. d5 exd5 7. cxd5 Bf5 8. Bc4 Nbd7 9. Bf4 a6 10. a4 Nb6 11. Ba2 Bd6 12. Be3 0-0 13. g4 Bg6 14. f4 h6 15. h4 Re8 16. h5 Bh7 17. g5 Nfd7 18. Qg4 Nf8 19. f5 hxg5 20. Nxe4 Bf4 21. Ne2 Rxe4 22. Bxf4 gxf4 23. 0-0-0 Qf6 24. Nc3 Rd4 25. Bb1 Rd8 26. Rdg1 Qh6 27. Qf3 Nxd5 28. Nxd5 R8xd5 29. Ba2 Rd7 30. Rg6 Bxg6 31. hxg6 Qg5 32. gxf7+ Rxf7 33. Qh3 f3+ 34. Kb1 Qh6 35. Qxf3 Rh4 36. Rxh4 Qxh4 37. Bxf7+ Kxf7 38. Qxb7+ Qe7 39. Qd5+ Kf6 40. Qc6+ Kxf5 41. Qf3+ Ke6 42. Qc6+ Qd6 43. Qe8+ Kd5 44. Qa8+ Kc4 45. Qe4+ Qd4 46. Qc2+ Kb4 47. Qh2 Qd1+ 48. Ka2 Qxa4+ 49. Kb1 Qd1+ 50. Ka2 Nd7 51. Qh4+ Qd4 52. Qe1+ Kb5 53. Qg3 Nb6 54. Qb3+ Qb4 55. Qg3 Nc4 56. Qb8+ Ka5 57. Qc7+ Qb6 58. Qh2 Qxb2+ 59. Qxb2 Nxb2 60. Kxb2 Kb4 0-1

[Event "Leipzig VfB op 24th"]
[Site "Leipzig"]
[Date "2017.03.24"]
[Round "6"]
[White "Ortlepp, Klaudia"]
[Black "Stieler, Sebastian"]
[Result "1-0"]
[WhiteElo "1554"]
[BlackElo "1832"]
[PlyCount "61"]
[EventDate "2017.03.21"]
[EventType "swiss"]
[EventRounds "9"]
[EventCountry "GER"]
[SourceTitle "EXT 2018"]
[Source "ChessBase"]
[SourceDate "2017.10.13"]
[SourceVersion "1"]
[SourceVersionDate "2017.10.13"]
[SourceQuality "1"]

1. e4 e5 2. d4 exd4 3. Nf3 Nc6 4. Bc4 d6 5. Nxd4 Nxd4 6. Qxd4 Be6 7. Nc3 Bxc4 8. Qxc4 Ne7 9. 0-0 Qd7 10. Be3 a6 11. f4 Nc6 12. Rad1 0-0-0 13. Nd5 Kb8 14. b4 Ne7 15. Nc3 Qe6 16. Qd3 f5 17. b5 fxe4 18. Qd4 c5 19. Qa4 axb5 20. Nxb5 Nc6 21. Bxc5 d5 22. Bb6 Rd7 23. Ba7+ Kc8 24. Bb6 Bd6 25. Rd4 e3 26. Rb4 e2 27. Re1 d4 28. Rc4 Re7 29. Qa8+ Kd7 30. Qxb7+ Ke8 31. Qxc6+ 1-0

[Event "Leipzig VfB op 24th"]
[Site "Leipzig"]
[Date "2017.03.22"]
[Round "3"]
[White "Ortlepp, Klaudia"]
[Black "Hofmann, Helge"]
[Result "1/2-1/2"]
[WhiteElo "1554"]
[BlackElo "1729"]
[PlyCount "147"]
[EventDate "2017.03.21"]
[EventType "swiss"]
[EventRounds "9"]
[EventCountry "GER"]
[SourceTitle "EXT 2018"]
[Source "ChessBase"]
[SourceDate "2017.10.13"]
[SourceVersion "1"]
[SourceVersionDate "2017.10.13"]
[SourceQuality "1"]

1. e4 e5 2. d4 exd4 3. Nf3 Nc6 4. Bc4 Nf6 5. e5 d5 6. Bb5 Ne4 7. Nxd4 Bc5 8. Nxc6 Bxf2+ 9. Kf1 Qh4 10. Qxd5 0-0 11. Ne7+ Kh8 12. Nc3 Nxc3 13. bxc3 Qxe7 14. Kxf2 c6 15. Bxc6 bxc6 16. Qxc6 Bb7 17. Ba3 Qxa3 18. Qxb7 Qxc3 19. Qe4 Qd2+ 20. Kf3 Rac8 21. c4 Qc3+ 22. Qe3 Qxc4 23. Rhc1 Qd5+ 24. Kf2 Rxc1 25. Qxc1 Qxe5 26. Qa3 Re8 27. Rc1 Qe2+ 28. Kg1 Qd2 29. Rf1 Qd4+ 30. Kh1 h5 31. h3 Kg8 32. Qb3 Re7 33. Qb8+ Kh7 34. Qb1+ g6 35. Qb3 f5 36. Rd1 Qf6 37. Qd5 f4 38. Rc1 Qf7 39. Qxf7+ Rxf7 40. Rc3 h4 41. Kg1 Kh6 42. Kf2 Rb7 43. Kf3 Rb2 44. a3 Ra2 45. Rd3 a5 46. Rc3 Rb2 47. a4 Rb4 48. Ra3 Kg5 49. Rc3 Rxa4 50. Rc5+ Kh6 51. Kg4 Ra2 52. Kxf4 Rxg2 53. Rxa5 Rg3 54. Re5 Rxh3 55. Kg4 Rh1 56. Re8 Kg7 57. Re3 Kf6 58. Rf3+ Ke5 59. Re3+ Kd4 60. Re2 h3 61. Kg3 g5 62. Rf2 Ke4 63. Re2+ Kd3 64. Rf2 Ke3 65. Rf8 Ke4 66. Re8+ Kf5 67. Rf8+ Kg6 68. Rf2 Kh5 69. Rf8 g4 70. Rh8+ Kg5 71. Rg8+ Kf6 72. Rxg4 h2 73. Rf4+ Ke5 74. Rf2 1/2-1/2

[Event "GER-ch U12 Girls"]
[Site "Willingen"]
[Date "2016.05.20"]
[Round "10"]
[White "Sinnhoefer, Lilian"]
[Black "Ortlepp, Klaudia"]
[Result "0-1"]
[WhiteElo "1411"]
[BlackElo "1604"]
[PlyCount "71"]
[EventDate "2016.05.15"]
[EventType "swiss"]
[EventRounds "11"]
[EventCountry "GER"]
[SourceTitle "CBM 172 Extra"]
[Source "ChessBase"]
[SourceDate "2016.06.21"]
[SourceVersion "1"]
[SourceVersionDate "2016.06.21"]
[SourceQuality "1"]

1. e4 e5 2. Bc4 Nf6 3. Nf3 Nc6 4. 0-0 Be7 5. Re1 0-0 6. c3 d6 7. h3 Nxe4 8. Rxe4 d5 9. Bxd5 Qxd5 10. Qe1 Bf5 11. Re3 Bxb1 12. Nxe5 Bc5 13. Nxc6 Qxc6 14. d4 Bxd4 15. cxd4 Bf5 16. Rc3 Rfe8 17. Be3 Qg6 18. Kh2 Rad8 19. g4 Qd6+ 20. Kg1 Be4 21. Rac1 Qf6 22. Qd1 c6 23. Rb3 Rd7 24. Ra3 a6 25. Rac3 Bd5 26. b3 Qh4 27. Qf1 Re6 28. Bf4 Qf6 29. Be3 Qf3 30. Kh2 Rg6 31. Bd2 Qf6 32. Re3 h5 33. Re8+ Kh7 34. Re3 hxg4 35. hxg4 Qf4+ 36. Rg3 0-1

[Event "GER-ch U12 Girls"]
[Site "Willingen"]
[Date "2016.05.18"]
[Round "6"]
[White "Pavlov, Liliane"]
[Black "Ortlepp, Klaudia"]
[Result "1-0"]
[WhiteElo "1445"]
[BlackElo "1604"]
[PlyCount "51"]
[EventDate "2016.05.15"]
[EventType "swiss"]
[EventRounds "11"]
[EventCountry "GER"]
[SourceTitle "CBM 172 Extra"]
[Source "ChessBase"]
[SourceDate "2016.06.21"]
[SourceVersion "1"]
[SourceVersionDate "2016.06.21"]
[SourceQuality "1"]

1. e4 e5 2. d4 exd4 3. Qxd4 Nc6 4. Qe3 d6 5. Bd2 Nf6 6. Nc3 Be6 7. 0-0-0 Be7 8. Qg3 Ng4 9. h4 Nf6 10. f4 Rg8 11. Nf3 a5 12. Bb5 Bd7 13. Bc4 h6 14. e5 Nh5 15. Qf2 Qc8 16. exd6 Bxd6 17. Rhe1+ Ne7 18. Ne5 Bxe5 19. Rxe5 Kf8 20. Rde1 b6 21. Rxe7 Be6 22. Bxe6 fxe6 23. R7xe6 Nf6 24. f5 a4 25. Qg3 Qd7 26. Bxh6 1-0

[Event "GER-ch U12 Girls"]
[Site "Willingen"]
[Date "2016.05.17"]
[Round "5"]
[White "Ortlepp, Klaudia"]
[Black "Orlova, Alicia"]
[Result "1-0"]
[WhiteElo "1604"]
[BlackElo "1285"]
[PlyCount "119"]
[EventDate "2016.05.15"]
[EventType "swiss"]
[EventRounds "11"]
[EventCountry "GER"]
[SourceTitle "CBM 172 Extra"]
[Source "ChessBase"]
[SourceDate "2016.06.21"]
[SourceVersion "1"]
[SourceVersionDate "2016.06.21"]
[SourceQuality "1"]

1. e4 e5 2. Nc3 Nc6 3. f4 d6 4. Nf3 f6 5. Bc4 Bd7 6. 0-0 Qe7 7. Nd5 Qd8 8. Nh4 g6 9. f5 Nce7 10. fxg6 hxg6 11. Nxe7 Nxe7 12. Qf3 f5 13. Qg3 f4 14. Qf2 c6 15. d4 Qb6 16. Nf3 Bg7 17. dxe5 Qxf2+ 18. Rxf2 dxe5 19. Bd2 b5 20. Bb3 c5 21. c4 b4 22. Rd1 Nc6 23. Ba4 Ke7 24. b3 Bf6 25. Bxc6 Bxc6 26. Re2 g5 27. h3 Rh7 28. Bc1 Rah8 29. Bb2 Ke6 30. Kf2 Rd7 31. Rxd7 Bxd7 32. Ne1 Be8 33. Nd3 Kd6 34. Rd2 Bg6 35. Nxf4+ Kc6 36. Nxg6 Re8 37. Rd5 Re6 38. Nxe5+ Kc7 39. Rxc5+ Kb7 40. Nd3 Be7 41. Rxg5 Rxe4 42. Re5 Rxe5 43. Nxe5 Bf6 44. Kf3 Kc7 45. Kf4 Bh4 46. g3 Be7 47. h4 Kd6 48. Kf5 Bf8 49. g4 Ke7 50. Ng6+ Kf7 51. Nxf8 Kxf8 52. h5 Kg8 53. c5 Kf7 54. c6 Ke7 55. h6 Kd6 56. h7 Kxc6 57. h8Q Kb5 58. g5 Kc6 59. g6 Kd7 60. g7 1-0

[Event "Leipzig VfB op 23rd"]
[Site "Leipzig"]
[Date "2016.03.19"]
[Round "7"]
[White "Wenzel, Ingo"]
[Black "Ortlepp, Klaudia"]
[Result "0-1"]
[WhiteElo "1735"]
[BlackElo "1343"]
[PlyCount "54"]
[EventDate "2016.03.15"]
[EventType "swiss"]
[EventRounds "9"]
[EventCountry "GER"]
[SourceTitle "EXT 2017"]
[Source "ChessBase"]
[SourceDate "2016.10.25"]
[SourceVersion "1"]
[SourceVersionDate "2016.10.25"]
[SourceQuality "1"]

1. e4 e5 2. Nf3 Nc6 3. Bc4 Nf6 4. d3 Be7 5. 0-0 0-0 6. Nc3 d6 7. Be3 Bg4 8. h3 Bh5 9. Nd5 Nxd5 10. Bxd5 Qe8 11. g4 Bg6 12. c3 Qd7 13. Kg2 Nd8 14. Nd2 c6 15. Bb3 d5 16. f4 exf4 17. Bxf4 Ne6 18. exd5 Nxf4+ 19. Rxf4 Bxd3 20. Qf3 Bg6 21. Rd4 c5 22. Rf4 Bg5 23. Rf1 b5 24. Ne4 Bxf4 25. Qxf4 c4 26. Bc2 Qxd5 27. Rf2 Rae8 0-1

[Event "GER-ch U12"]
[Site "Willingen"]
[Date "2015.05.30"]
[Round "11"]
[White "Ortlepp, Klaudia"]
[Black "Goltser, Ilja"]
[Result "1-0"]
[WhiteElo "1243"]
[BlackElo "1164"]
[PlyCount "73"]
[EventDate "2015.05.24"]
[EventType "swiss"]
[EventRounds "11"]
[EventCountry "GER"]
[SourceTitle "CBM 166 Extra"]
[Source "ChessBase"]
[SourceDate "2015.06.18"]
[SourceVersion "1"]
[SourceVersionDate "2015.06.18"]
[SourceQuality "1"]

1. e4 e6 2. d4 d5 3. exd5 exd5 4. Bd3 Bd6 5. Ne2 Ne7 6. 0-0 Nbc6 7. c3 Bf5 8. Bf4 Bxd3 9. Qxd3 Bxf4 10. Nxf4 Qd6 11. Qf3 0-0-0 12. b4 Rdg8 13. a4 h5 14. Nd3 f6 15. Nc5 b6 16. Qh3+ Kb8 17. Na6+ Kb7 18. b5 Na5 19. Nd2 g5 20. Rac1 g4 21. Qg3 Qxg3 22. fxg3 Rh6 23. c4 dxc4 24. Nxc4 Nb3 25. Na5+ Nxa5 26. Rxc7+ Ka8 27. Rxe7 Rd8 28. Rfe1 Rhh8 29. Rd1 Rd6 30. d5 Rhd8 31. Rh7 Nc4 32. Rc1 Ne5 33. Rxh5 Nd3 34. Rc7 Re8 35. Re7 Rc8 36. h3 gxh3 37. Rhh7 1-0

[Event "GER-ch U12"]
[Site "Willingen"]
[Date "2015.05.24"]
[Round "1"]
[White "Ortlepp, Klaudia"]
[Black "Sulayev, Daniel"]
[Result "0-1"]
[WhiteElo "1243"]
[BlackElo "1622"]
[PlyCount "100"]
[EventDate "2015.05.24"]
[EventType "swiss"]
[EventRounds "11"]
[EventCountry "GER"]
[SourceTitle "CBM 166 Extra"]
[Source "ChessBase"]
[SourceDate "2015.06.18"]
[SourceVersion "1"]
[SourceVersionDate "2015.06.18"]
[SourceQuality "1"]

1. e4 e5 2. Nf3 Nc6 3. d4 exd4 4. Bc4 Nf6 5. 0-0 Bc5 6. c3 d5 7. exd5 Nxd5 8. Re1+ Be7 9. Nxd4 Nb6 10. Bb5 Bd7 11. Nxc6 bxc6 12. Bd3 0-0 13. Qh5 g6 14. Qe5 Bf6 15. Qg3 Re8 16. Rxe8+ Qxe8 17. Be3 Nd5 18. Nd2 Nxe3 19. fxe3 Bh4 20. Qf4 Bf6 21. Ne4 Bg7 22. Rf1 Bf5 23. Rf2 Rd8 24. Bc2 Qe7 25. h3 Re8 26. Ng3 Bxc2 27. Rxc2 Qxe3+ 28. Rf2 Qxf4 29. Rxf4 Be5 30. Re4 Kf8 31. Kf2 Bxg3+ 32. Kf3 Rxe4 33. Kxe4 Ke7 34. c4 c5 35. Kd5 Bd6 36. Kc6 f5 37. a4 Be5 38. a5 Kd8 39. Kxc5 Kc8 40. b4 Bd6+ 41. Kb5 a6+ 42. Kxa6 Bxb4 43. Kb5 Bxa5 44. Kxa5 Kd7 45. Kb5 Kd6 46. c5+ Kd5 47. g3 c6+ 48. Kb6 g5 49. Ka5 Kxc5 50. Ka4 f4 0-1